Turbulence (Record no. 5373)

000 -LEADER
fixed length control field 00511nam a2200205 i 4500
001 - CONTROL NUMBER
control field 5373
003 - CONTROL NUMBER IDENTIFIER
control field BD-DhUET
008 - FIXED-LENGTH DATA ELEMENTS--GENERAL INFORMATION
fixed length control field 750220s1975 nyua b 001 0 eng
020 ## - INTERNATIONAL STANDARD BOOK NUMBER
International Standard Book Number 0070290377
040 ## - CATALOGING SOURCE
Original cataloging agency DLC
Transcribing agency DLC
Modifying agency BD-DhUET
082 00 - DEWEY DECIMAL CLASSIFICATION NUMBER
Classification number 532.56
Item number HIN/1975
100 1# - MAIN ENTRY--PERSONAL NAME
Personal name Hinze, J. O.
245 00 - TITLE STATEMENT
Title Turbulence
250 ## - EDITION STATEMENT
Edition statement 2nd ed.
260 ## - PUBLICATION, DISTRIBUTION, ETC. (IMPRINT)
Place of publication, distribution, etc. New York
Name of publisher, distributor, etc. McGraw-Hill
Date of publication, distribution, etc. 1975
300 ## - PHYSICAL DESCRIPTION
Extent x,790p.
Other physical details ill.
Dimensions 24 cm.
490 0# - SERIES STATEMENT
Series statement McGraw-Hill series in mechanical engineering
650 #0 - SUBJECT ADDED ENTRY--TOPICAL TERM
Topical term or geographic name as entry element Turbulence
942 ## - ADDED ENTRY ELEMENTS (KOHA)
Koha item type General Book
Holdings
Sublocation or collection (holding branch) Lost status Not for loan Shelving location Price effective from Koha issues (times borrowed) Koha date last seen Koha item type Copy number Location (home branch) Source of classification or shelving scheme Koha full call number Date acquired Koha normalized classification for sorting Damaged status Piece designation (barcode) Withdrawn status Koha date last borrowed
Central Library, BUET  Circulation section2014-11-26 2014-11-26General Book1Central Library, BUET 532.56/HIN/19752014-11-26532_560000000000000_HIN_1975 63813  
Central Library, BUET  Circulation section2014-11-26 2014-11-26General Book2Central Library, BUET 532.56/HIN/19752014-11-26532_560000000000000_HIN_1975 63816  
Central Library, BUET  Circulation section2014-12-07 2014-12-07General Book3Central Library, BUET 532.56/HIN/19752014-12-07532_560000000000000_HIN_1975 44334  
Central Library, BUET  Circulation section2014-12-07 2014-12-07General Book4Central Library, BUET 532.56/HIN/19752014-12-07532_560000000000000_HIN_1975 63807  
Central Library, BUET  Circulation section2014-12-0712015-03-29General Book5Central Library, BUET 532.56/HIN/19752014-12-07532_560000000000000_HIN_1975 63812 2015-03-25
Central Library, BUET  Circulation section2014-12-07 2014-12-07General Book6Central Library, BUET 532.56/HIN/19752014-12-07532_560000000000000_HIN_1975 63805  
Central Library, BUET  Circulation section2014-12-07 2014-12-07General Book7Central Library, BUET 532.56/HIN/19752014-12-07532_560000000000000_HIN_1975 63810  
Central Library, BUET  Circulation section2014-12-07 2014-12-07General Book8Central Library, BUET 532.56/HIN/19752014-12-07532_560000000000000_HIN_1975 63808  
Central Library, BUET  Circulation section2014-12-07 2014-12-07General Book9Central Library, BUET 532.56/HIN/19752014-12-07532_560000000000000_HIN_1975 63809  
Central Library, BUET  Circulation section2014-12-0712023-02-28General Book10Central Library, BUET 532.56/HIN/19752014-12-07532_560000000000000_HIN_1975 63806 2022-11-14
Central Library, BUET  Circulation section2014-12-0712015-09-14General Book11Central Library, BUET 532.56/HIN/19752014-12-07532_560000000000000_HIN_1975 63815 2015-05-26
Central Library, BUET  Circulation section2015-03-09 2015-03-09General Book12Central Library, BUET 532.56/HIN/19752015-03-09532_560000000000000_HIN_1975 39158  
Central Library, BUET  Reading section2015-06-07 2015-06-07Reading Item13Central Library, BUET 532.56/HIN/19752015-06-07532_560000000000000_HIN_1975 58968  
Central Library, BUET  Reading section2015-06-07 2015-06-07Reading Item14Central Library, BUET 532.56/HIN/19752015-06-07532_560000000000000_HIN_1975 60653  
Central Library, BUET  Reading section2015-06-23 2015-06-23Reading Item15Central Library, BUET 532.56/HIN/19752015-06-23532_560000000000000_HIN_1975 52729  
Central Library, BUET  Circulation section2024-11-1612024-11-27General Book16Central Library, BUET 532.56 HIN/19751985-06-29532_560000000000000_HIN_1975 63811 2024-11-27
Central Library, BUET   2024-11-16 2024-11-16General Book Central Library, BUET 532.56 HIN/19752024-11-16532_560000000000000_HIN_1975    
Central Library, BUET  Circulation section2024-11-16 2024-11-16General Book18Central Library, BUET 532.56 HIN/19752025-09-03532_560000000000000_HIN_1975 39159